[Event "Regionalliga NO 1415"]
[Site "Bayern"]
[Date "2015.03.15"]
[Round "8.7"]
[White "Kiefer, Johannes"]
[Black "Nehls, Benedikt"]
[Result "0-1"]
[WhiteElo "1847"]
[BlackElo "2013"]
[PlyCount "36"]
[EventDate "2014.10.19"]
[EventType "team-tourn"]
[EventRounds "9"]
[EventCountry "GER"]
[SourceTitle "EXT 2018"]
[Source "ChessBase"]
[SourceDate "2017.10.13"]
[SourceVersion "1"]
[SourceVersionDate "2017.10.13"]
[SourceQuality "1"]
[WhiteTeam "Gunzenhausen"]
[BlackTeam "Erlangen SC II"]
[WhiteTeamCountry "GER"]
[BlackTeamCountry "GER"]

1. Nc3 c5 2. Ne4 e6 3. Nf3 d5 4. Ng3 Nf6 5. e3 Bd6 6. d4 Nc6 7. c3 0-0 8. Bd3 Re8 9. 0-0 e5 10. dxe5 Nxe5 11. Nxe5 Bxe5 12. f4 Bc7 13. Nh5 Ng4 14. Qf3 Qh4 15. h3 Qxh5 16. hxg4 Bxg4 17. Qf2 Re6 18. Qc2 c4 0-1

[Event "Regionalliga NO 1415"]
[Site "Bayern"]
[Date "2014.11.23"]
[Round "3.8"]
[White "Prochazka, Bedrich"]
[Black "Kiefer, Johannes"]
[Result "1-0"]
[WhiteElo "1909"]
[BlackElo "1847"]
[PlyCount "121"]
[EventDate "2014.10.19"]
[EventType "team-tourn"]
[EventRounds "9"]
[EventCountry "GER"]
[SourceTitle "EXT 2018"]
[Source "ChessBase"]
[SourceDate "2017.10.13"]
[SourceVersion "1"]
[SourceVersionDate "2017.10.13"]
[SourceQuality "1"]
[WhiteTeam "Windischeschenbach"]
[BlackTeam "Gunzenhausen"]
[WhiteTeamCountry "GER"]
[BlackTeamCountry "GER"]

1. e4 Nf6 2. Nc3 Nc6 3. d4 e5 4. d5 Ne7 5. Bg5 Ng6 6. Bd3 h6 7. Be3 Nh4 8. Kf1 g5 9. g3 Ng6 10. h3 a6 11. Nge2 Bd6 12. Qd2 Nh5 13. Nd1 Qe7 14. c4 b6 15. Ndc3 Bb7 16. a3 Bc5 17. b4 Bxe3 18. Qxe3 d6 19. Kg2 Bc8 20. Ng1 Rg8 21. Be2 Ngf4+ 22. Kf1 Nxe2 23. Qxe2 Ng7 24. g4 Rh8 25. Kg2 h5 26. Nd1 Qf6 27. Ne3 Qf4 28. Qf3 hxg4 29. hxg4 Rxh1 30. Kxh1 Ke7 31. Kg2 Bd7 32. Ne2 Qxf3+ 33. Kxf3 Rh8 34. Ng3 Rh2 35. a4 Rh8 36. a5 b5 37. c5 dxc5 38. bxc5 c6 39. dxc6 Bxc6 40. Nd5+ Bxd5 41. exd5 Rc8 42. Rc1 b4 43. Ne4 f5 44. Nd6 fxg4+ 45. Kxg4 Rf8 46. Re1 Rxf2 47. Rxe5+ Kd7 48. Ne4 Rg2+ 49. Kf3 Rc2 50. c6+ Kd8 51. Rxg5 Ne8 52. Ke3 b3 53. Kd3 Rc1 54. Rg2 Ra1 55. d6 Rd1+ 56. Rd2 Ra1 57. d7 Nc7 58. Nc5 Ke7 59. Re2+ Kd6 60. d8Q+ Kxc6 61. Qd7+ 1-0

[Event "Regionalliga NO 1415"]
[Site "Bayern"]
[Date "2014.10.19"]
[Round "1.8"]
[White "Gerl, Hans Peter"]
[Black "Kiefer, Johannes"]
[Result "0-1"]
[WhiteElo "1918"]
[BlackElo "1847"]
[PlyCount "84"]
[EventDate "2014.10.19"]
[EventType "team-tourn"]
[EventRounds "9"]
[EventCountry "GER"]
[SourceTitle "EXT 2018"]
[Source "ChessBase"]
[SourceDate "2017.10.13"]
[SourceVersion "1"]
[SourceVersionDate "2017.10.13"]
[SourceQuality "1"]
[WhiteTeam "Zirndorf"]
[BlackTeam "Gunzenhausen"]
[WhiteTeamCountry "GER"]
[BlackTeamCountry "GER"]

1. d4 Nf6 2. c4 e5 3. dxe5 Ng4 4. e4 d6 5. Be2 Nxe5 6. f4 Ng6 7. Nf3 Be7 8. Nc3 c6 9. Be3 Bg4 10. Nd4 Bxe2 11. Qxe2 0-0 12. 0-0-0 Bf6 13. Qd2 Qa5 14. Kb1 Na6 15. Nd5 Bd8 16. Nc3 Bf6 17. g3 Nc5 18. h4 Rfe8 19. h5 Nf8 20. Qg2 Qb4 21. g4 Nfe6 22. Nde2 Rad8 23. g5 Bxc3 24. Nxc3 Qxc4 25. f5 Nf8 26. Rd4 Qa6 27. Rhd1 d5 28. g6 fxg6 29. hxg6 hxg6 30. Bg5 Rd7 31. exd5 gxf5 32. Rh4 Ng6 33. Rh2 Ne4 34. Nxe4 Rxe4 35. d6 Qc4 36. Qh3 Rxd6 37. Qf3 Rxd1+ 38. Qxd1 Rd4 39. Rd2 Rxd2 40. Qxd2 Qd5 41. Qc1 f4 42. a3 Qxg5 0-1

[Event "Regionalliga NO 1314"]
[Site "Bayern"]
[Date "2013.11.24"]
[Round "3.5"]
[White "Kiefer, Johannes"]
[Black "Konsek, Peter"]
[Result "1/2-1/2"]
[WhiteElo "1861"]
[BlackElo "1955"]
[PlyCount "42"]
[EventDate "2013.10.13"]
[EventType "team-tourn"]
[EventRounds "9"]
[EventCountry "GER"]
[SourceTitle "EXT 2015"]
[Source "ChessBase"]
[SourceDate "2014.11.20"]
[SourceVersion "1"]
[SourceVersionDate "2014.11.20"]
[SourceQuality "1"]
[WhiteTeam "Gunzenhausen"]
[BlackTeam "Nuernberg Sued SW II"]
[WhiteTeamCountry "GER"]
[BlackTeamCountry "GER"]

1. Nc3 c5 2. Nf3 Nc6 3. Ne4 e6 4. Ng3 d5 5. e4 dxe4 6. Nxe4 Nf6 7. Ng3 Be7 8. a4 0-0 9. Bc4 Bd7 10. 0-0 Na5 11. Be2 Nd5 12. Ne5 Bf6 13. Nxd7 Qxd7 14. Bb5 Qc7 15. Qg4 Qf4 16. Qxf4 Nxf4 17. d4 Nd5 18. dxc5 Rac8 19. Ne4 Be5 20. c3 Nb3 21. Rb1 Nxc5 1/2-1/2

[Event "Mittelfranken-chTB1 1011"]
[Site "Germany"]
[Date "2011.02.13"]
[Round "6.4"]
[White "Maettig, Stefan"]
[Black "Kiefer, Johannes"]
[Result "1-0"]
[WhiteElo "1979"]
[BlackElo "1816"]
[PlyCount "69"]
[EventDate "2010.09.26"]
[EventType "team-tourn"]
[EventRounds "9"]
[EventCountry "GER"]
[SourceTitle "EXT 2012"]
[Source "ChessBase"]
[SourceDate "2011.11.24"]
[SourceVersion "1"]
[SourceVersionDate "2011.11.24"]
[SourceQuality "1"]
[WhiteTeam "Nuernberg NT III"]
[BlackTeam "Heilsbronn"]
[WhiteTeamCountry "GER"]
[BlackTeamCountry "GER"]

1. e4 d5 2. exd5 Nf6 3. d4 Nxd5 4. h3 g6 5. Nf3 Bg7 6. c4 Nf6 7. Bd3 0-0 8. 0-0 Nh5 9. Be4 Nf6 10. Bc2 Nc6 11. Nc3 Nh5 12. Be3 f5 13. d5 Ne5 14. Nxe5 Bxe5 15. Bh6 Re8 16. Re1 Bf6 17. Qf3 Rb8 18. Rad1 a6 19. g4 Bxc3 20. bxc3 fxg4 21. hxg4 Nf6 22. Rd4 Qd7 23. Re6 c6 24. Qg3 Ra8 25. Bf5 Qd8 26. dxc6 Qb6 27. Qe5 Kf7 28. Rd7 Bxd7 29. cxd7 Qb2 30. dxe8Q+ Rxe8 31. g5 gxf5 32. gxf6 Rg8+ 33. Kf1 Qb1+ 34. Ke2 Qc2+ 35. Bd2 1-0

[Event "Mittelfranken-chTB2b 0910"]
[Site "Mittelfranken"]
[Date "2009.11.22"]
[Round "3.6"]
[White "Schloetterer, Hermann"]
[Black "Kiefer, Johannes"]
[Result "0-1"]
[WhiteElo "1871"]
[BlackElo "1794"]
[PlyCount "86"]
[EventDate "2009.10.11"]
[EventType "team-tourn"]
[EventRounds "9"]
[EventCountry "GER"]
[SourceTitle "EXT 2011"]
[Source "ChessBase"]
[SourceDate "2010.11.26"]
[SourceVersion "1"]
[SourceVersionDate "2010.11.26"]
[SourceQuality "1"]
[WhiteTeam "Nuernberg NT IV"]
[BlackTeam "Heilsbronn"]
[WhiteTeamCountry "GER"]
[BlackTeamCountry "GER"]

1. d4 d5 2. g3 Nf6 3. Bg2 c6 4. Nf3 g6 5. 0-0 Bg7 6. c4 0-0 7. b3 Na6 8. Bb2 Ne4 9. Nfd2 f5 10. f3 Nf6 11. e4 dxe4 12. fxe4 Ng4 13. e5 Ne3 14. Qe2 Nxf1 15. Bxf1 Nb4 16. Nf3 f4 17. a3 Na6 18. e6 fxg3 19. hxg3 Qd6 20. Nbd2 Qxe6 21. Ne4 Qg4 22. Bg2 Bf5 23. Nf2 Qxg3 24. Re1 Rae8 25. Nh1 Qc7 26. Nf2 Nb8 27. Ng5 Qd7 28. Rd1 h6 29. Nf3 Bg4 30. Qe4 Bxf3 31. Bxf3 Qf5 32. Qxf5 gxf5 33. Kh2 e5 34. Rg1 Kh7 35. Bh5 Re7 36. Nd3 exd4 37. Rxg7+ Rxg7 38. Nf4 Rg5 39. Bf3 d3 40. Nxd3 Rd8 41. Be2 Na6 42. Bf6 Re8 43. Nf4 Re4 0-1

[Event "Mittelfranken-chTB2b 0809"]
[Site "Mittelfranken"]
[Date "2009.03.22"]
[Round "8.8"]
[White "Kiefer, Johannes"]
[Black "Muenzenberg, Dietrich"]
[Result "1-0"]
[WhiteElo "1794"]
[BlackElo "1665"]
[PlyCount "91"]
[EventDate "2008.10.12"]
[EventType "team"]
[EventRounds "9"]
[EventCountry "GER"]
[SourceTitle "EXT 2011"]
[Source "ChessBase"]
[SourceDate "2010.11.26"]
[SourceVersion "1"]
[SourceVersionDate "2010.11.26"]
[SourceQuality "1"]
[WhiteTeam "Heilsbronn"]
[BlackTeam "Nuernberg Zabo"]
[WhiteTeamCountry "GER"]
[BlackTeamCountry "GER"]

1. Nc3 c6 2. Nf3 d5 3. e4 Bg4 4. exd5 cxd5 5. d4 Nc6 6. Be2 e6 7. 0-0 Bd6 8. Bg5 Nge7 9. Bh4 Rc8 10. Ne1 Bxe2 11. Nxe2 Qb6 12. b3 Nf5 13. Nf3 h6 14. c4 Bb8 15. cxd5 exd5 16. Qd3 Nxh4 17. Qe3+ Ne7 18. Nxh4 Qf6 19. Nf3 0-0 20. Rac1 Nc6 21. Rc5 Rfe8 22. Qd2 Qf5 23. Ng3 Qd7 24. Rcc1 Qg4 25. Rce1 Bf4 26. Qd3 a6 27. Qf5 Qxf5 28. Nxf5 Kh7 29. g3 Bb8 30. Ne3 Rcd8 31. Rc1 Ba7 32. Rfd1 Re4 33. Kg2 Rd7 34. Nc2 g5 35. Nd2 Re2 36. Kf1 Rde7 37. Nf3 f6 38. Re1 Rxe1+ 39. Nfxe1 g4 40. Ne3 Bxd4 41. Nxd5 Re6 42. Ng2 Re5 43. Nxf6+ Kg6 44. Nxg4 Rg5 45. Nf4+ Kg7 46. Ne6+ 1-0

[Event "Mittelfranken-chTB2b 0809"]
[Site "Mittelfranken"]
[Date "2009.02.08"]
[Round "6.8"]
[White "Kiefer, Johannes"]
[Black "Korth, Manfred"]
[Result "1-0"]
[WhiteElo "1794"]
[BlackElo "1752"]
[PlyCount "173"]
[EventDate "2008.10.12"]
[EventType "team"]
[EventRounds "9"]
[EventCountry "GER"]
[SourceTitle "EXT 2011"]
[Source "ChessBase"]
[SourceDate "2010.11.26"]
[SourceVersion "1"]
[SourceVersionDate "2010.11.26"]
[SourceQuality "1"]
[WhiteTeam "Heilsbronn"]
[BlackTeam "Heideck/Hilpoltstein"]
[WhiteTeamCountry "GER"]
[BlackTeamCountry "GER"]

1. Nc3 d5 2. e4 dxe4 3. Nxe4 Bf5 4. Ng3 Bg6 5. c3 e6 6. Nf3 Nd7 7. d4 c6 8. Be2 Bd6 9. Nf1 Qc7 10. Ne3 Nb6 11. b3 Nf6 12. Bb2 h6 13. h3 0-0 14. g4 Ne4 15. h4 Bg3 16. 0-0 Bf4 17. Ng2 Nd5 18. Nxf4 Qxf4 19. Ne5 Ndxc3 20. Qe1 Nxe2+ 21. Qxe2 Nf6 22. Qe3 Qxe3 23. fxe3 Be4 24. Ba3 Rfe8 25. g5 hxg5 26. hxg5 Nh7 27. Nxf7 Bg6 28. Ne5 Bf5 29. g6 Nf8 30. Bxf8 Rxf8 31. Rf2 Be4 32. Rf7 Rxf7 33. gxf7+ Kf8 34. Rf1 Rd8 35. Rf4 Bb1 36. e4 g5 37. Ng6+ Kg7 38. f8Q+ Rxf8 39. Rxf8 Kxg6 40. e5 Bxa2 41. Rf6+ Kg7 42. Rxe6 Kf7 43. Rf6+ Kg7 44. b4 Bd5 45. Kf2 g4 46. Rd6 a6 47. Rd7+ Kg6 48. Rxb7 Kf5 49. Rg7 Kf4 50. Rg6 Kf5 51. Rf6+ Kg5 52. Kg3 Bf3 53. Rf8 Bd5 54. Rf4 Be6 55. Rf8 Bd5 56. Rb8 Kf5 57. Rf8+ Kg5 58. Rf1 Be6 59. Rf8 Bd5 60. Rf1 Be6 61. Rc1 Bd5 62. Ra1 Bc4 63. e6 Kf6 64. e7 Kxe7 65. Kxg4 Kd6 66. Kf4 Kd5 67. Ke3 Bb5 68. Rc1 Bc4 69. Rc3 Bb5 70. Rc5+ Kd6 71. Ke4 Bf1 72. Rg5 Bc4 73. Rg6+ Kc7 74. Ke5 Bd5 75. Rg1 Bc4 76. Rc1 Bd5 77. Rc5 Kb6 78. Rxd5 cxd5 79. Kxd5 Kb5 80. Ke6 Kxb4 81. d5 a5 82. d6 a4 83. d7 a3 84. d8Q a2 85. Qd1 Ka3 86. Qa1 Kb3 87. Kd5 1-0

[Event "Mittelfrankenliga-B2 0506 playoff"]
[Site "Germany"]
[Date "2006.05.21"]
[Round "10.3"]
[White "Kiefer, Johannes"]
[Black "Endres, Christian"]
[Result "1-0"]
[WhiteElo "1728"]
[BlackElo "1718"]
[PlyCount "91"]
[EventDate "2006.05.21"]
[EventType "team-tourn"]
[EventRounds "1"]
[EventCountry "GER"]
[SourceTitle "EXT 2007"]
[Source "ChessBase"]
[SourceDate "2006.11.23"]
[SourceVersion "1"]
[SourceVersionDate "2006.11.23"]
[SourceQuality "1"]

1. a3 d5 2. d4 Nf6 3. Nf3 Bf5 4. Bf4 e6 5. Nbd2 Bd6 6. Bg5 0-0 7. c4 c6 8. Nh4 Bg6 9. Nxg6 fxg6 10. c5 Bc7 11. e3 e5 12. Be2 Nbd7 13. Rb1 e4 14. f4 exf3 15. Bxf3 Qb8 16. Nf1 Ne4 17. Bxe4 dxe4 18. Qb3+ Kh8 19. Qe6 Qe8 20. Qxe8 Raxe8 21. g3 Nf6 22. b4 a6 23. Ke2 Nd5 24. Rb3 Rf5 25. Bf4 g5 26. Bxc7 Nxc7 27. Nd2 g6 28. Rf1 Kg7 29. Rxf5 gxf5 30. Nc4 Kg6 31. a4 Nd5 32. Nd6 Rb8 33. b5 axb5 34. axb5 Ne7 35. bxc6 Nxc6 36. Rxb7 Ra8 37. Nc4 Ra2+ 38. Rb2 Rxb2+ 39. Nxb2 Kf6 40. Nc4 Ke6 41. Nb6 Ne7 42. Kd2 h6 43. Kc3 h5 44. Kc4 h4 45. d5+ Kf7 46. c6 1-0

[Event "Mittelfrankenliga-B2b 0506"]
[Site "Germany"]
[Date "2006.04.02"]
[Round "9.3"]
[White "Hoerath, Michael"]
[Black "Kiefer, Johannes"]
[Result "1-0"]
[WhiteElo "1764"]
[BlackElo "1740"]
[PlyCount "91"]
[EventDate "2005.10.16"]
[EventType "team-tourn"]
[EventRounds "9"]
[EventCountry "GER"]
[SourceTitle "EXT 2007"]
[Source "ChessBase"]
[SourceDate "2006.11.23"]
[SourceVersion "1"]
[SourceVersionDate "2006.11.23"]
[SourceQuality "1"]

1. d4 d5 2. Nf3 Nf6 3. e3 g6 4. g3 Bg7 5. Bg2 0-0 6. 0-0 Nbd7 7. Nbd2 Re8 8. c4 c6 9. cxd5 cxd5 10. b3 b6 11. Bb2 Bb7 12. Rc1 a5 13. Nb1 Ne4 14. Nfd2 f5 15. Nxe4 fxe4 16. Nc3 e5 17. dxe5 Nxe5 18. Ba1 Nd3 19. Rc2 Rc8 20. Ne2 Rxc2 21. Qxc2 Bxa1 22. Rxa1 Nxf2 23. Nf4 Ng4 24. Qd2 Qd6 25. Rc1 Qb4 26. Rc3 Nxe3 27. a3 Qxa3 28. Qxe3 Qb4 29. Ne2 Ba6 30. Nd4 a4 31. bxa4 Qxa4 32. h3 Qd1+ 33. Kh2 Bc4 34. Ra3 Qh5 35. Ra7 b5 36. Bf3 Qe5 37. Bg4 g5 38. Bf5 h6 39. Ra6 Re7 40. Rxh6 Rg7 41. Be6+ Kf8 42. Rh8+ Ke7 43. Nc6+ Kxe6 44. Nxe5 Kxe5 45. Re8+ Kf6 46. Qb6+ 1-0

[Event "Pyramiden Franken Cup 3rd"]
[Site "Fuerth"]
[Date "2000.08.20"]
[Round "2"]
[White "Kotz, Reinhard"]
[Black "Kiefer, Johannes"]
[Result "1-0"]
[WhiteElo "2090"]
[BlackElo "1613"]
[PlyCount "167"]
[EventDate "2000.08.19"]
[EventType "swiss"]
[EventRounds "9"]
[EventCountry "GER"]
[SourceTitle "EXT 2010"]
[Source "ChessBase"]
[SourceDate "2010.11.25"]
[SourceVersion "1"]
[SourceVersionDate "2010.11.25"]
[SourceQuality "1"]

1. e4 c5 2. Nf3 g6 3. d4 cxd4 4. Qxd4 Nf6 5. Bc4 Bg7 6. c3 0-0 7. Bg5 d6 8. Nbd2 Nbd7 9. Qe3 Ng4 10. Qe2 Nge5 11. Rd1 Nxc4 12. Nxc4 f6 13. Be3 b5 14. Na3 a6 15. Nd4 Ne5 16. 0-0 Qc7 17. Bc1 Nc6 18. Nxc6 Qxc6 19. Nc2 Bb7 20. f3 Rac8 21. Rfe1 Qc4 22. Qxc4+ Rxc4 23. Kf2 Rfc8 24. Be3 Kf7 25. Bd4 Ba8 26. g4 Rb8 27. h4 h6 28. Re2 a5 29. Rd3 Rcc8 30. a3 Bb7 31. Rdd2 Ba6 32. Re1 Bb7 33. Be3 Rf8 34. Kg3 Ba8 35. Rh1 Rh8 36. h5 g5 37. Rc1 Rhc8 38. Rcd1 Bf8 39. Rf2 Bg7 40. Re1 e5 41. Rd2 Bf8 42. Red1 Ke6 43. Bf2 Rb7 44. Rd3 Rc6 45. Be1 Rd7 46. Kf2 Rc5 47. Ke2 Rc6 48. Ne3 Ra6 49. c4 bxc4 50. Nxc4 a4 51. Bb4 Rc6 52. Rc3 Bb7 53. Ne3 Rxc3 54. bxc3 Rc7 55. Nd5 Rc4 56. Nb6 Rc6 57. Nxa4 Ba6+ 58. Ke3 Bc4 59. Nb2 Ba6 60. Rd2 Be7 61. Kf2 Bd8 62. Ke1 Be7 63. Nd1 Bb5 64. Rd5 Ba6 65. Ne3 Bf8 66. Ra5 Be7 67. Kd1 Bd8 68. Rd5 Be7 69. Nf5 Bf8 70. Ra5 Kd7 71. Ne3 Ke6 72. Nd5 Bg7 73. Rxa6 Rxa6 74. Nc7+ Kd7 75. Nxa6 Kc6 76. Kc2 Kb7 77. Bxd6 Kxa6 78. c4 Kb6 79. Kc3 Kc6 80. c5 Kb5 81. a4+ Kc6 82. Kc4 Kb7 83. Kb5 Kc8 84. Kc6 1-0

[Event "Mittelfranken-ch QT 49th"]
[Site "Ansbach"]
[Date "2000.??.??"]
[Round "5"]
[White "Hintyes, Helmuth"]
[Black "Kiefer, Johannes"]
[Result "1-0"]
[WhiteElo "1732"]
[BlackElo "1734"]
[PlyCount "104"]
[EventDate "2000.04.19"]
[EventType "swiss"]
[EventRounds "7"]
[EventCountry "GER"]
[SourceTitle "EXT 2015"]
[Source "ChessBase"]
[SourceDate "2014.11.20"]
[SourceVersion "1"]
[SourceVersionDate "2014.11.20"]
[SourceQuality "1"]

1. c4 g6 2. d4 Bg7 3. Nc3 c6 4. e4 d6 5. Be3 Nd7 6. Bd3 Qb6 7. Qc2 Bxd4 8. Bxd4 Qxd4 9. Nge2 Qb6 10. 0-0 Ne5 11. Na4 Qa5 12. b3 Nf6 13. h3 Nfd7 14. Nec3 Nxd3 15. Qxd3 0-0 16. Qe3 a6 17. a3 b5 18. b4 Qc7 19. Nb2 Bb7 20. Rac1 Qb6 21. Qg3 f6 22. Qd3 Rfd8 23. Kh1 Ne5 24. Qe2 Ra7 25. f4 Nf7 26. Rfd1 Bc8 27. Rd3 Kg7 28. Rcd1 Rad7 29. f5 Ne5 30. Rg3 Rh8 31. cxb5 axb5 32. Nd3 Ra7 33. Nxe5 dxe5 34. Qh5 g5 35. h4 Qf2 36. Ne2 Rd7 37. Rxd7 Bxd7 38. hxg5 Kf8 39. gxf6 exf6 40. Qh6+ Ke8 41. Qxf6 Rf8 42. Qxe5+ Kd8 43. Nd4 Re8 44. Ne6+ Bxe6 45. fxe6 Kc8 46. Qd6 Qe1+ 47. Kh2 Rd8 48. Qxc6+ Kb8 49. e7 Qd2 50. e8Q Rxe8 51. Qxe8+ Kc7 52. Rg7+ Kb6 1-0